000 01410nam a2200361Ia 4500
005 20220317001814.0
008 170328s2015 ck a g 000 j spa
020 _a9789587731392
041 _aspa
100 1 _aTorres Sanmiguel, John Fitzgerald
_d1964-
245 1 0 _aPor favor, ¡no leas este libro!
_cJohn Fitzgerald Torres ; ilustración de portada Powerpaola
250 _aPrimera edición
264 1 _aBogotá
_bEdiciones SM
_c2015
300 _a92, [2] páginas
_bilustraciones en blanco y negro
_c20 cm.
336 _atexto
_btxt
_2rdacontent
337 _asin mediación
_bn
_2rdamedia
338 _avolumen
_bnc
_2rdacarrier
490 _aEl barco de vapor : naranja
500 _aIncluye datos biográficos del autor
521 _aRecomendado desde los 9 años
586 _aObra ganadora del VI Premio de Literatura Infantil El Barco de Vapor - Biblioteca Luis Ángel Arango 2013
650 1 4 _2LEMB
_aCuentos infantiles colombianos
_ySiglo XX
650 1 4 _2LEMB
_aLiteratura infantil colombiana
_ySiglo XX
650 1 4 _2LEMB
_aLectura
_vCuento infantil
650 1 4 _2LEMB
_aVacaciones
_vCuento infantil
650 1 4 _2LEMB
_aNiños
_vCuento infantil
650 1 4 _2LEMB
_aLibros
_vCuento infantil
650 1 4 _2LEMB
_aVida cotidiana
_vCuento infantil
700 1 _aPowerpaola
_d1977-
_eilustradora
_9105700
942 _2loc
_cBKINF
040 _aCO-BoRNBP
_bspa
_erda
_cCO-BoRNBP
084 _aC TOR1
999 _c8154
_d8154